| 000 | 00502nam a2200193Ia 4500 | ||
|---|---|---|---|
| 005 | 20250423101010.0 | ||
| 008 | 250422s9999 xx 000 0 und d | ||
| 020 | _a9780471211877 | ||
| 050 | _aBF 39 .K56/ | ||
| 100 | _aKing, Bruce M. | ||
| 245 | 0 | _aStatistical reasoning in psychology and education | |
| 250 | _a4th ed. | ||
| 260 | _aUnited State | ||
| 260 | _bJohn Wiley & Sons Inc. | ||
| 260 | _c2003 | ||
| 300 | _a550 p | ||
| 650 | _aPsychometrics. Educational statistics. | ||
| 942 | _cBK | ||
| 999 |
_c34978 _d34978 |
||